| 000 | 01433cam a2200397 a 4500 | ||
|---|---|---|---|
| 003 | data | ||
| 005 | 20260322212018.0 | ||
| 008 | data | ||
| 010 | _a93005122 | ||
| 020 | _a0811806324 | ||
| 020 | _a9780811806329 | ||
| 020 |
_a0811804046 _c(pbk.) |
||
| 020 |
_a9780811804042 _c(pbk.) |
||
| 020 |
_a0811843149 _c(pbk.) |
||
| 020 |
_a9780811843140 _c(pbk.) |
||
| 040 |
_aDLC _cDLC _dOUN _dYDXCP _dBAKER _dOUN |
||
| 043 | _an-ust-- | ||
| 050 | 0 | 0 |
_aF797 _b.W34 1994 |
| 092 | _a726.5 W34 1994 | ||
| 100 | 1 | _aWakely, David. | |
| 245 | 1 | 2 |
_aA sense of mission : _bhistoric churches of the Southwest / _cDavid Wakely, Thomas A. Drain & N. Scott Momaday. |
| 260 |
_aSan Francisco : _bChronicle Books, _cc1994. |
||
| 300 |
_aix, 132 p. : _bcol. ill, col. maps ; _c23 x 29 cm. |
||
| 504 | _aIncludes bibliographical references (p. 130) and index. | ||
| 650 | 0 |
_aSpanish mission buildings _zSouthwest, New. |
|
| 650 | 0 |
_aSpanish mission buildings _zSouthwest, New _vPictorial works. |
|
| 650 | 0 |
_aArchitecture _zSouthwest, New _vPictorial works. |
|
| 650 | 0 |
_aChurch buildings _zSouthwest, New _vPictorial works. |
|
| 651 | 0 |
_aSouthwest, New _xHistory _yTo 1848. |
|
| 700 | 1 | _aDrain, Thomas A. | |
| 700 | 1 |
_aMomaday, N. Scott, _d1934- |
|
| 856 | 4 | 2 | _uhttp://www.loc.gov/catdir/enhancements/fy0721/93005122-d.html |
| 856 | 4 | 2 | _uhttp://www.loc.gov/catdir/enhancements/fy0737/93005122-b.html |
| 001 | data | ||
| 999 |
_c394 _d394 |
||